Egyetemi felvételire előkészítő táborozás

Elmentve itt :
Bibliográfiai részletek
Dokumentumtípus: Cikk
Megjelent: 1973-07-03
Sorozat:Délmagyarország 63 No. 153
Kulcsszavak:Egyetemi előkészítő
Online Access:http://dmarchiv.bibl.u-szeged.hu/88527
LEADER 00427nab a2200145 i 4500
001 delm88527
005 20190401114323.0
008 190401s1973 hu o 0|| hun d
040 |a SZTE Délmagyarország Archívum  |b hun 
041 |a hun 
245 0 0 |a Egyetemi felvételire előkészítő táborozás  |h [elektronikus dokumentum] 
260 |c 1973-07-03 
300 |a 5 
490 0 |a Délmagyarország  |v 63 No. 153 
695 |a Egyetemi előkészítő